Highlights of Spanish astrophysics II (Record no. 14526)

MARC details
000 -LEADER
fixed length control field 00797nam a2200217Ia 4500
003 - CONTROL NUMBER IDENTIFIER
control field IN-BaIIA
008 - FIXED-LENGTH DATA ELEMENTS--GENERAL INFORMATION
fixed length control field 211028s9999 xx 000 0 eng d
020 ## - INTERNATIONAL STANDARD BOOK NUMBER
International Standard Book Number 0-7923-6974-2
040 ## - CATALOGING SOURCE
Transcribing agency IIA Library
080 ## - UNIVERSAL DECIMAL CLASSIFICATION NUMBER
Universal Decimal Classification number 52(082.2)
Item number HIG-2
111 ## - MAIN ENTRY--MEETING NAME
Meeting name or jurisdiction name as entry element Scientific Meeting of Spanish Astronomical Society
Number of part/section/meeting 4th
Location of meeting Spain
Date of meeting or treaty signing 2000 Sep. 11-14
9 (RLIN) 25801
245 #0 - TITLE STATEMENT
Title Highlights of Spanish astrophysics II
Remainder of title proceedings of the 4th scientific meeting of Spanish Astronomical Society, Santiago de Comostela, Spain, September 11-14, 2000
Statement of responsibility, etc. edited by J. Zamorano
260 ## - PUBLICATION, DISTRIBUTION, ETC.
Place of publication, distribution, etc. London
Name of publisher, distributor, etc. Kluwer Academic
Date of publication, distribution, etc. 2001
300 ## - PHYSICAL DESCRIPTION
Extent xxii, 409p.
650 ## - SUBJECT ADDED ENTRY--TOPICAL TERM
Topical term or geographic name entry element Astronomy
9 (RLIN) 80
650 ## - SUBJECT ADDED ENTRY--TOPICAL TERM
Topical term or geographic name entry element Cosmology
700 ## - ADDED ENTRY--PERSONAL NAME
Personal name Gallego, J., ed.
9 (RLIN) 25802
700 ## - ADDED ENTRY--PERSONAL NAME
Personal name Gorgas, J., ed.
9 (RLIN) 25803
700 ## - ADDED ENTRY--PERSONAL NAME
Personal name Zamorano, J., ed.
9 (RLIN) 25804
942 ## - ADDED ENTRY ELEMENTS (KOHA)
Koha item type Books
Holdings
Withdrawn status Lost status Damaged status Not for loan Home library Current library Shelving location Date acquired Source of acquisition Cost, normal purchase price Total Checkouts Full call number Barcode Date last seen Cost, replacement price Price effective from Koha item type Purchase Price
        IIA Library-Bangalore IIA Library-Bangalore General Stacks 07/03/2002 ANJ 6660.35   52(082.2)/ HIG-2 15448 05/11/2021 6660.35 07/03/2002 Books Rs. 6660.35

Powered by Koha